[Event "Al-Ain Classic Open A 2013"]
[Site "Al-Ain UAE"]
[Date "2013.12.23"]
[Round "5.34"]
[White "Hesham,A"]
[Black "Tuvsanaa,N"]
[Result "1-0"]
[WhiteElo "2374"]
[BlackElo "2162"]

1.d4 d5 2.c4 c6 3.Nf3 Nf6 4.Nc3 e6 5.e3 Nbd7 6.Bd3 dxc4 7.Bxc4 b5 8.Bd3 Bb7
9.a3 Bd6 10.O-O O-O 11.Qc2 a6 12.b4 e5 13.Ne4 Nxe4 14.Bxe4 h6 15.Bb2 Qe7
16.Rfd1 Rac8 17.Bh7+ Kh8 18.Bf5 exd4 19.Rxd4 c5 20.Rxd6 Qxd6 21.Rd1 Bd5 22.Qd2 cxb4
23.axb4 Rc4 24.e4 Rd8 25.exd5 Nf6 26.Qe3 Kg8 27.Be5 Nxd5 28.Qa7 Qxb4 29.Be6 Qf8
30.Bxd5 Rxd5 31.Re1 Qc8 32.h3 b4 33.Bb2 a5 34.Re7 Qf5 35.Qb8+ Rc8 36.Qb7 Rc2
37.Qa8+ Kh7 38.Be5 Rd1+ 39.Kh2 Rcc1 40.Re8 Rh1+ 41.Kg3 Qg6+ 42.Kf4 Rc4+ 43.Ke3 Qb6+
44.Kd3 Rc3+ 45.Bxc3 Qb5+ 46.Ke3 bxc3 47.Rh8+ Kg6 48.Qe4+ Kf6 49.Qf4+ Qf5
50.Qd4+  1-0

[Event "WYCC U18 Open 2013"]
[Site "Al-Ain UAE"]
[Date "2013.12.23"]
[Round "7.4"]
[White "Vaibhav,S"]
[Black "Bajarani,U"]
[Result "1-0"]
[WhiteElo "2544"]
[BlackElo "2500"]

1.d4 d5 2.c4 c6 3.Nc3 Nf6 4.e3 e6 5.Nf3 Nbd7 6.Qc2 Bd6 7.Bd3 O-O 8.O-O dxc4
9.Bxc4 a6 10.e4 e5 11.h3 b5 12.Be2 Qc7 13.Be3 Re8 14.Rad1 exd4 15.Nxd4 b4
16.Na4 Bb7 17.Nf5 Bf8 18.f3 c5 19.b3 Rad8 20.Nb2 Ne5 21.Nc4 Nc6 22.Qc1 Nd4
23.Nxd4 cxd4 24.Bf4 Qc5 25.Bd3 Be7 26.Nb2 Qh5 27.Qc7 Rd7 28.Qe5 Qxe5 29.Bxe5 Nh5
30.Bh2 g5 31.Kf2 Nf4 32.Bc4 Bd6 33.Bg3 Kg7 34.Rfe1 h6 35.Bd3 Rde7 36.Nc4 Bc7
37.Bb1 Rd7 38.e5 Bd5 39.Bxf4 gxf4 40.Nd6 Red8 41.Nf5+ Kf8 42.Nxh6 d3 43.Rxd3 Bb6+
44.Ke2 Bc6 45.Rxd7 Rxd7 46.Rd1 Re7 47.Ng4 Bd7 48.Be4 Bxg4 49.fxg4 Rxe5 50.Kf3 Ra5
51.Rd2 Bc7 52.Bd5 Ke7 53.Bxf7 Re5 54.Bc4 Re3+ 55.Kf2 Kf6 56.h4 Rg3 57.Be2 Rc3
58.Rd3 Rc2 59.Kf3 Rxa2 60.Rd7 Rc2 61.Bxa6 Rc3+ 62.Rd3 Rc2 63.Bb7 Rc1 64.g5+ Kf5
65.Be4+ Ke5 66.Rd5+ Ke6 67.h5 Re1 68.Rd3 Ke5 69.Bg6 Re3+ 70.Kg4 Re2 71.Kh3 Re3+
72.Kh4 Re1 73.h6 Rh1+ 74.Rh3  1-0

[Event "51st Groningen Open A 2013"]
[Site "Groningen NED"]
[Date "2013.12.23"]
[Round "3.21"]
[White "Simonian,T"]
[Black "Balje,J"]
[Result "1-0"]
[WhiteElo "2401"]
[BlackElo "2198"]

1.Nf3 d5 2.e3 Nf6 3.c4 c6 4.Nc3 e6 5.d4 Nbd7 6.Qc2 Bd6 7.Bd3 O-O 8.O-O Qe7
9.e4 dxe4 10.Nxe4 Nxe4 11.Bxe4 Nf6 12.c5 Bc7 13.Bg5 h6 14.Bh4 g5 15.Bg3 Nxe4
16.Bxc7 Nxc5 17.dxc5 Qxc7 18.Rad1 Rd8 19.Rxd8+ Qxd8 20.Rd1 Qf6 21.Qe4 Qxb2
22.Ne5 Qc3 23.Rd8+ Kg7 24.g4 Qc1+ 25.Kg2 Qxc5 26.Nxf7 Kxf7 27.Qh7+ Kf6 28.Qh8+ Kf7
29.Qg8+ Kf6 30.Rf8+ Qxf8 31.Qxf8+ Kg6 32.Qg8+ Kf6 33.f4  1-0

[Event "WYCC U18 Open 2013"]
[Site "Al-Ain UAE"]
[Date "2013.12.24"]
[Round "8.2"]
[White "Ma,Zhonghan"]
[Black "Vaibhav,S"]
[Result "1/2-1/2"]
[WhiteElo "2412"]
[BlackElo "2544"]

1.Nf3 d5 2.d4 Nf6 3.c4 e6 4.Nc3 c6 5.e3 Nbd7 6.Qc2 b6 7.Be2 Bb7 8.O-O Be7
9.b3 O-O 10.Bb2 Rc8  1/2-1/2

[Event "WYCC U18 Open 2013"]
[Site "Al-Ain UAE"]
[Date "2013.12.24"]
[Round "8.20"]
[White "Goryachkina,A"]
[Black "Tvarijonas,T"]
[Result "1/2-1/2"]
[WhiteElo "2428"]
[BlackElo "2176"]

1.d4 d5 2.c4 c6 3.e3 Nf6 4.Nc3 e6 5.Nf3 Nbd7 6.Qc2 Bd6 7.Bd3 O-O 8.O-O dxc4
9.Bxc4 b5 10.Bd3 Bb7 11.e4 e5 12.dxe5 Nxe5 13.Nxe5 Bxe5 14.h3 h6 15.Be3 Bd4
16.Bxd4 Qxd4 17.Rad1 Qc5 18.a3 a5 19.Rfe1 Rfe8 20.Qb1 Qe5 21.Qc1 Rad8 22.Qe3 Nd7
23.Bf1 Qc5 24.Rd4 Nf8 25.Rd3 Qxe3 26.Rexe3 Rxd3 27.Bxd3 Ne6 28.e5 b4 29.axb4 axb4
30.Ne4 c5 31.Nd6 Re7 32.Bc4 Nf4 33.Nxb7 Rxb7 34.Re4 Ne6 35.Re1 Ra7 36.Rc1 Nd4
37.Bd3 Ra5 38.f4 Kf8 39.Kf2 Nb3 40.Rc2 Nd4 41.Rc4 Ke7 42.Ke3 f6 43.Ke4 fxe5
44.fxe5 Nb3 45.Rc2 Ra1 46.Rc4 Nd4  1/2-1/2

[Event "WYCC U16 Girls 2013"]
[Site "Al-Ain UAE"]
[Date "2013.12.24"]
[Round "8.2"]
[White "Khademalsharieh,S"]
[Black "Harutyunyan,Ani"]
[Result "1/2-1/2"]
[WhiteElo "2298"]
[BlackElo "1916"]

1.d4 d5 2.c4 e6 3.Nf3 Nf6 4.Nc3 c6 5.e3 Nbd7 6.b3 Bb4 7.Bd2 O-O 8.Bd3 Qe7
9.O-O e5 10.dxe5 Nxe5 11.Nxe5 Qxe5 12.Nxd5 Nxd5 13.cxd5 Bd6 14.f4 Qxd5 15.Qc2 Qh5
16.b4 f5 17.Bc4+ Kh8 18.Bc3 Be7 19.Rad1 Qe8 20.Rd2 Bf6 21.Bxf6 Rxf6 22.Qc3 Be6
23.Rd3 Bxc4 24.Qxc4 Rd8 25.Rfd1 Rxd3 26.Rxd3 Rf8 27.Qd4 a6 28.a4 h6 29.a5 Qe7
30.h3 Rf7 31.Qc3 Kh7 32.Rd4 Qh4 33.Kh2 Qf6 34.Qb3 h5 35.e4 fxe4 36.Rxe4 g6
37.Qd3 Re7 38.Rc4 Qe6 39.Rd4 Qf6  1/2-1/2

[Event "51st Groningen Open A 2013"]
[Site "Groningen NED"]
[Date "2013.12.24"]
[Round "4.21"]
[White "Garcia Palermo,C"]
[Black "Beerdsen,Thomas"]
[Result "0-1"]
[WhiteElo "2450"]
[BlackElo "2154"]

1.d4 d5 2.c4 c6 3.Nf3 Nf6 4.e3 e6 5.Nc3 Nbd7 6.Qc2 Bd6 7.b3 O-O 8.Be2 e5
9.cxd5 cxd5 10.Nb5 Bb4+ 11.Bd2 Bxd2+ 12.Nxd2 exd4 13.Nxd4 Ne5 14.h3 Bd7 15.O-O Qb6
16.Rac1 Rac8 17.Qb2 Ne4 18.N2f3 Qf6 19.Rxc8 Rxc8 20.Rc1 Rxc1+ 21.Qxc1 Nc6
22.Bd3 Ng5 23.Nxg5 Qxg5 24.Nxc6 Bxc6 25.Qc5 g6 26.Qxa7 d4 27.Bf1 dxe3 28.Qxe3 Qa5
29.a4 Qd5 30.f3 Qd1 31.Qd3 Qa1 32.Kf2 Qa2+ 33.Ke3 Qa3 34.Qd8+ Kg7 35.Qd4+ Kg8
36.Bc4 Bxa4 37.Bxf7+ Kxf7 38.Qxa4 Qc5+ 39.Ke2 b5 40.Qf4+ Kg8 41.b4 Qc2+ 42.Qd2 Qc4+
43.Kf2 Kg7 44.Qd6 Qc2+ 45.Kg3 Qe2 46.Qd4+ Kg8 47.Qe4 Qf1 48.h4 Kf7 49.h5 Kg7
50.Qe5+ Kh6 51.hxg6 hxg6 52.Qh8+ Kg5 53.Qh4+ Kf5 54.Qe4+ Kf6 55.f4 Kg7 56.Kh2 Qf2
57.Kh3 Qf1 58.Qd4+ Kh7 59.Kh2 Qe2 60.Qe5 Qf2 61.Qe7+ Kh6 62.Qg5+ Kh7  0-1

[Event "Al-Ain Classic Open A 2013"]
[Site "Al-Ain UAE"]
[Date "2013.12.26"]
[Round "7.29"]
[White "Elarbi,A"]
[Black "Sameir,R"]
[Result "1/2-1/2"]
[WhiteElo "2295"]
[BlackElo "2070"]

1.d4 d5 2.c4 e6 3.Nf3 Nf6 4.Nc3 c6 5.e3 Nbd7 6.Bd3 Bd6 7.O-O O-O 8.e4 dxe4
9.Nxe4 Nxe4 10.Bxe4 h6 11.Bc2 e5 12.Re1 exd4 13.Qxd4 Nf6 14.Rd1 Bc7 15.Qxd8 Rxd8
16.Rxd8+ Bxd8 17.Bf4 Be6 18.b3 Bb6 19.Be5 Ng4 20.Bd4 Bxd4 21.Nxd4 Bd7 22.Rd1 c5
23.Ne2 Bc6 24.Nc3 Kf8 25.Be4 Bxe4 26.Nxe4 b6 27.f3 Ne5 28.f4 Nc6 29.Rd7 Re8
30.Nc3 Re7 31.Rd6 Re6 32.Rd2 Nd4 33.Kf2 Rd6 34.Rb2 Nc6 35.Nd5 Ne7 36.Ne3 Nc6
37.Nd5 Ne7 38.Nc3 Nc6 39.Nb5 Rd7 40.g3 Nb4 41.Re2 g6 42.Nc3 Rd3 43.Re3 Rd2+
44.Re2 Rd3 45.Re3 Rd2+  1/2-1/2

[Event "30th Boeblinger Open 2013"]
[Site "Boeblingen GER"]
[Date "2013.12.26"]
[Round "1.2"]
[White "Maiorov,N1"]
[Black "Frey,T"]
[Result "1-0"]
[WhiteElo "2552"]
[BlackElo "2113"]

1.d4 d5 2.c4 c6 3.Nc3 Nf6 4.e3 e6 5.Nf3 Nbd7 6.Qc2 Bd6 7.b3 O-O 8.Bb2 dxc4
9.Bxc4 e5 10.Be2 Qe7 11.h3 exd4 12.Nxd4 Nc5 13.O-O-O a5 14.g4 Nfe4 15.Nxe4 Qxe4
16.Qc3 Qg6 17.Nf5 Ne4 18.Rxd6 Nxc3 19.Ne7+ Kh8 20.Nxg6+  1-0

[Event "Al-Ain Classic Open A 2013"]
[Site "Al-Ain UAE"]
[Date "2013.12.27"]
[Round "8.28"]
[White "Kazimova,N"]
[Black "Petrosyan,T1"]
[Result "0-1"]
[WhiteElo "2238"]
[BlackElo "2383"]

1.d4 d5 2.c4 c6 3.Nc3 Nf6 4.e3 e6 5.Nf3 Nbd7 6.Bd3 dxc4 7.Bxc4 b5 8.Bd3 Bd6
9.O-O O-O 10.e4 e5 11.Ne2 Re8 12.Bg5 Bb7 13.Rc1 a6 14.Bb1 h6 15.Bh4 c5 16.dxe5 Nxe5
17.Nc3 c4 18.Nd5 g5 19.Bg3 Nxd5 20.exd5 Nxf3+ 21.Qxf3 Bxg3 22.Qxg3 Qxd5 23.Rcd1 Qc5
24.Rd6 Qe5 25.Rxh6 Qxg3 26.hxg3 Re2 27.Rh5 Rxb2 28.Rxg5+ Kf8 29.Rd1 c3 30.Rc5 Rc8
31.Rxc8+ Bxc8 32.Rc1 b4 33.Kf1 Be6  0-1

[Event "WYCC U18 Open 2013"]
[Site "Al-Ain UAE"]
[Date "2013.12.27"]
[Round "10.38"]
[White "Teh,Eu Wen Aron"]
[Black "Esenbek Uulu,Bakai"]
[Result "1-0"]
[WhiteElo "2272"]
[BlackElo "2009"]

1.d4 d5 2.c4 c6 3.Nf3 Nf6 4.e3 e6 5.Nc3 Bd6 6.Bd3 Nbd7 7.O-O O-O 8.Qc2 dxc4
9.Bxc4 e5 10.Bb3 exd4 11.exd4 Nb6 12.Bg5 Bg4 13.Ne5 Bh5 14.Ne4 Be7 15.Ng3 Bg6
16.Nxg6 hxg6 17.Qxg6 Nfd5 18.Bxe7 Qxe7 19.Nf5 fxg6 20.Nxe7+ Kf7 21.Nxd5 Nxd5
22.Rfe1 Rfe8 23.f3 Kf6 24.Bxd5 cxd5 25.Kf2 Rxe1 26.Kxe1 Rh8 27.h3 Re8+ 28.Kd2 Kf5
29.Re1 Rxe1 30.Kxe1 Kf4 31.Kf2 g5 32.g3+ Kf5 33.a4 a5 34.Ke3 b6 35.g4+ Kf6
36.f4  1-0

[Event "22nd Donau Open 2013"]
[Site "Aschach AUT"]
[Date "2013.12.27"]
[Round "2.9"]
[White "Meskovs,N"]
[Black "Krejci,Jan1"]
[Result "1-0"]
[WhiteElo "2431"]
[BlackElo "2153"]

1.d4 d5 2.c4 c6 3.Nc3 Nf6 4.Nf3 e6 5.e3 Nbd7 6.Bd3 dxc4 7.Bxc4 b5 8.Bd3 Bb7
9.O-O b4 10.Ne4 Nxe4 11.Bxe4 Nf6 12.Bd3 Be7 13.a3 a5 14.e4 O-O 15.Qc2 h6
16.Rd1 Qc7 17.e5 Nd5 18.Qe2 bxa3 19.Qe4 g6 20.Bxh6 axb2 21.Rab1 Rfc8 22.Qg4 Bf8
23.Bxf8 Kxf8 24.Rxb2 Ba6 25.Bxa6 Rxa6 26.Ng5 Kg7 27.Rb3 Ra7 28.Rh3 Rg8 29.Qg3 Qd7
30.Rb1 Qe8 31.Rh7+ Kf8 32.Qa3+ Ne7 33.Qd6 Ra8 34.Rb7 Rd8 35.Rxf7+ Qxf7 36.Qxd8+ Qe8
37.Qd6  1-0

[Event "30th Boeblinger Open 2013"]
[Site "Boeblingen GER"]
[Date "2013.12.27"]
[Round "3.3"]
[White "Gschnitzer,O"]
[Black "Kachar,V"]
[Result "1-0"]
[WhiteElo "2426"]
[BlackElo "2290"]

1.Nf3 d5 2.d4 c6 3.c4 e6 4.e3 Nf6 5.Nc3 Nbd7 6.Qc2 Bd6 7.Bd3 O-O 8.O-O dxc4
9.Bxc4 b5 10.Be2 Bb7 11.Rd1 Qc7 12.e4 e5 13.Bg5 Rfe8 14.dxe5 Nxe5 15.Bxf6 Nxf3+
16.Bxf3 gxf6 17.g3 Rad8 18.Rac1 Qe7 19.Bg4 Be5 20.Bf5 Bc8 21.Rxd8 Rxd8 22.Bxc8 Bxc3
23.Bf5 Bd2 24.Rd1 Ba5 25.Rxd8+ Qxd8 26.Qxc6 Qd2 27.Qa8+ Qd8 28.Qxa7 Bc7 29.Qe3 Qd1+
30.Kg2 Kg7 31.Qf3 Qb1 32.Qg4+ Kf8 33.Bxh7 Be5 34.Qc8+  1-0

[Event "WYCC U18 Open 2013"]
[Site "Al-Ain UAE"]
[Date "2013.12.28"]
[Round "11.31"]
[White "Schreiner,T"]
[Black "Vanagas,T"]
[Result "1/2-1/2"]
[WhiteElo "2304"]
[BlackElo "2116"]

1.d4 d5 2.c4 c6 3.Nc3 Nf6 4.Nf3 e6 5.e3 Nbd7 6.Bd3 dxc4 7.Bxc4 b5 8.Bd3 Bb7
9.e4 b4 10.Na4 c5 11.e5 Nd5 12.Nxc5 Nxc5 13.dxc5 Bxc5 14.O-O h6 15.Nd2 O-O
16.Ne4 Bd4 17.Nd6 Bxe5 18.Nxb7 Qb6 19.Re1 Bf6 20.Qg4 Qxb7 21.Bxh6 Rfd8 22.Bg5 Bxg5
23.Qxg5 Nf6 24.Rad1 Rd5 25.Qe3 Rad8 26.h3 a5 27.Be2 Rxd1 28.Bxd1 Qb5 29.Be2 Qa4
30.a3 Qc2 31.axb4 axb4 32.b3 Nd5 33.Qf3 Qc3 34.Qxc3 Nxc3 35.Bc4 Kf8 36.Ra1 Rd1+
37.Rxd1 Nxd1 38.Kf1 Ke7 39.Ke2 Nc3+ 40.Kd3 Kd6 41.h4 f6 42.Ba6 Kd5 43.Bb7+ Kc5
44.f4 Nb5 45.g4 Nd6 46.Bf3 Nf7 47.g5 e5 48.Bh5 Nd8 49.fxe5 fxg5 50.hxg5 Kd5
51.Bf3+ Kxe5 52.Kc4 Ne6 53.Kxb4  1/2-1/2

[Event "WYCC U18 Open 2013"]
[Site "Al-Ain UAE"]
[Date "2013.12.28"]
[Round "11.21"]
[White "Eltigani,O"]
[Black "Loiseau,Q"]
[Result "1/2-1/2"]
[WhiteElo "2288"]
[BlackElo "2388"]

1.c4 c6 2.d4 d5 3.Nc3 Nf6 4.e3 e6 5.Nf3 Nbd7 6.Bd3 dxc4 7.Bxc4 b5 8.Bd3 Bd6
9.Bd2 O-O 10.Rc1 Bb7 11.Ne4 Nxe4 12.Bxe4 Rc8 13.b4 Qe7 14.Qb3 e5 15.Qb1 Nf6
16.Bf5 exd4 17.Bxc8 dxe3 18.fxe3 Rxc8 19.O-O Ne4 20.Be1 c5 21.bxc5 Bxc5 22.Kh1 a6
23.Nd4 Rd8 24.Nf5 Qg5 25.Bh4 Qg4 26.Rf4 Qe2 27.Rg1 Re8 28.Qb3 Qh5 29.Qb2 f6
30.Qb3+ Qf7 31.Qc2 Bf8 32.Ng3 Nxg3+ 33.Bxg3 Rxe3 34.a4 b4 35.Bf2 Rc3 36.Qd2 Qd5
37.Rd4 Qf7 38.Rd7 Rc2 39.Rxf7 Rxd2 40.Rxb7 Rxf2 41.Rd1 Re2 42.Kg1 Re8 43.Rdd7 h5
44.Kf1 Kh7 45.Rb6 Bc5 46.Rbb7 Bf8 47.Rd5 Kg6 48.Rb6 Rc8 49.Ke2 Bc5 50.Rb7 a5
51.h3 b3 52.Rxb3 Bb4 53.Kd1 Rc4 54.Rb5 Rd4+ 55.Kc1 Be1 56.Ra3  1/2-1/2

[Event "WYCC U16 Girls 2013"]
[Site "Al-Ain UAE"]
[Date "2013.12.28"]
[Round "11.48"]
[White "Methmani,Nelunika"]
[Black "Mira,Sarhan"]
[Result "1/2-1/2"]
[WhiteElo "1672"]
[BlackElo "1312"]

1.d4 d5 2.c4 e6 3.Nf3 Nf6 4.e3 c6 5.Nc3 Bd6 6.Bd3 O-O 7.O-O dxc4 8.Bxc4 b5
9.Bd3 Bb7 10.e4 Bc7 11.Qc2 h6 12.Rd1 Nbd7 13.b3 e5 14.dxe5 Nxe5 15.Nxe5 Bxe5
16.Bb2 Qc7 17.g3 Rfe8 18.Rac1 Rad8 19.Kf1 Qc8 20.Kg2 Qg4 21.Be2 Qg6 22.Bf3 b4
23.Na4 Rxd1 24.Rxd1 Bxb2 25.Nxb2 Nxe4 26.Rd7 Ba8 27.Bxe4 c5 28.f3 Bxe4 29.fxe4 Rxe4
30.Rxa7 Qc6 31.Kg1 Re1+ 32.Kf2 Rh1 33.Qf5 Rxh2+ 34.Ke3 Qe8+ 35.Qe4 Qxe4+
36.Kxe4 Rxb2 37.Kd5 Rc2 38.Ra5  1/2-1/2

[Event "22nd Donau Open 2013"]
[Site "Aschach AUT"]
[Date "2013.12.28"]
[Round "4.2"]
[White "Jurek,J"]
[Black "Froewis,G"]
[Result "1/2-1/2"]
[WhiteElo "2289"]
[BlackElo "2423"]

1.c4 c6 2.Nf3 d5 3.d4 Nf6 4.Nc3 e6 5.e3 Nbd7 6.Qc2 Bd6 7.Bd3 O-O 8.O-O dxc4
9.Bxc4 a6 10.Rd1 b5 11.Bd3 Qc7 12.Bd2 c5 13.dxc5 Qxc5 14.Ne4 Nxe4 15.Bxe4 Qxc2
16.Bxc2 Be7 17.Be4 Ra7 18.Nd4 Bb7 19.Bxb7 Rxb7 20.Rac1 Bf6 21.Bb4 Ra8 22.Nc6 Nb6
23.Bc3 Rc8 24.Bxf6 gxf6 25.Ne7+ Rxe7 26.Rxc8+ Nxc8 27.Rd8+ Kg7 28.Rxc8 Rd7
29.g3 Rd2 30.Ra8 Rxb2 31.Rxa6 b4 32.Kg2 b3 33.axb3 Rxb3 34.g4 Rb4 35.Kg3 Rb1
36.Ra7 Rg1+ 37.Kf3 Kg6 38.Ra8 Kg7 39.Ra7 Rh1 40.Kg2 Rc1 41.Ra5 Kg6 42.Ra8 Kg7
43.Ra5 Rc4 44.Kg3 Re4 45.Kf3 Rb4 46.Kg3 Rb8 47.Rc5 Kg6 48.Ra5 Rh8 49.Rb5 Rg8
50.Kf3 e5 51.Rb6 Rh8 52.h4 Kg7 53.g5 fxg5 54.hxg5 h6 55.gxh6+ Rxh6 56.Rxh6 Kxh6
57.Ke4 f6 58.Kf5 Kg7 59.Ke6 Kg6 60.f4 exf4 61.exf4 f5  1/2-1/2

[Event "30th Boeblinger Open 2013"]
[Site "Boeblingen GER"]
[Date "2013.12.28"]
[Round "5.7"]
[White "Schneider,Bernd2"]
[Black "Malek,Da"]
[Result "1/2-1/2"]
[WhiteElo "2240"]
[BlackElo "2389"]

1.d4 Nf6 2.Nf3 e6 3.c4 d5 4.Nc3 c6 5.e3 Nbd7 6.Bd3 dxc4 7.Bxc4 b5 8.Bb3 b4
9.Ne2 Bb7 10.O-O Be7 11.Nf4 c5 12.Qe2 O-O 13.Rd1 Qb6 14.Nd2 Rfd8 15.Nc4 Qc7
16.Bd2 Bf8 17.Rac1 Rac8 18.Nd3 Qb8 19.Nde5 Bd5 20.Be1 Nxe5 21.Nxe5 Bd6 22.Bxd5 exd5
23.Nf3 c4 24.h3 a5 25.Nd2 Re8 26.Qf3 a4 27.Nb1 Ne4 28.Qe2 f5 29.Qc2 Qb7 30.Nd2 b3
31.axb3 axb3 32.Qb1 Bb4 33.Nxe4 fxe4 34.Bxb4 Qxb4 35.Rc3 Rf8 36.Rf1 Ra8 37.Qd1 Ra2
38.Qh5 Qd6 39.Rb1 Qe6 40.Rcc1 Qf7 41.Qxf7+ Rxf7 42.Kf1 Ra6 43.Ke2 Rg6 44.Rg1 h5
45.Ra1 Rf5 46.g4 Rf3 47.Ra5 Rg5 48.h4 Rxg4 49.Rxg4 hxg4 50.Rxd5 g3 51.fxg3 Rxg3
52.Rc5 Rg2+ 53.Kd1 Rc2 54.Rc7 Kf8 55.h5 Ke8 56.d5 Kd8 57.d6 Rxb2 58.Kc1 Rh2
59.Kb1 Rxh5 60.Rxc4 Rd5  1/2-1/2

[Event "13th Mondragon Open"]
[Site "Mondragon ESP"]
[Date "2013.12.28"]
[Round "3.4"]
[White "Aguirre Canflanca,J"]
[Black "Ortega Fuentes,L"]
[Result "1/2-1/2"]
[WhiteElo "2205"]
[BlackElo "2086"]

1.d4 d5 2.c4 c6 3.Nf3 Nf6 4.Nc3 e6 5.e3 Nbd7 6.Qc2 Bd6 7.Be2 O-O 8.O-O b6
9.b3 Bb7 10.Bb2 Rc8 11.e4 dxe4 12.Nxe4 Nxe4 13.Qxe4  1/2-1/2

[Event "22nd Donau Open 2013"]
[Site "Aschach AUT"]
[Date "2013.12.29"]
[Round "5.8"]
[White "Ivanov,StojanE"]
[Black "Meskovs,N"]
[Result "1/2-1/2"]
[WhiteElo "2241"]
[BlackElo "2431"]

1.Nf3 d5 2.d4 Nf6 3.c4 e6 4.e3 c6 5.Nc3 Nbd7 6.Qc2 Bd6 7.Bd3 O-O 8.O-O dxc4
9.Bxc4 b5 10.Bd3 Bb7 11.e4 e5 12.dxe5 Nxe5 13.Nxe5 Bxe5 14.h3 a6 15.Be3 Qe7
16.Ne2 Rfd8 17.Rad1 g6 18.Bc5 Bd6 19.Bb6 Rdc8 20.f4 c5 21.e5 Nd5 22.Be4 Ne3
23.exd6 Qxe4 24.Qxe4 Bxe4 25.d7 Rd8 26.Bxd8 Rxd8 27.Ng3 Nxd1 28.Nxe4 Nxb2
29.Re1 Nd3 30.Nf6+ Kg7 31.Re8 Kxf6 32.Rxd8 Ke7 33.Ra8 Kxd7 34.Kf1 c4 35.Ke2 Nc1+
36.Kd1 Nxa2 37.Ra7+ Ke8 38.Rxa6 Nc3+ 39.Kc2 Nd5 40.Ra5 Nxf4 41.Rxb5 Nxg2
42.Kc3 Nf4 43.h4 h5 44.Kxc4 Ng2 45.Kd5 Kf8 46.Rb4 Ne3+ 47.Ke5 Kg7 48.Ra4 Nf5
49.Rb4 Nh6  1/2-1/2

[Event "Cracovia Open A 2013-14"]
[Site "Krakow POL"]
[Date "2013.12.29"]
[Round "4.17"]
[White "Paprocki,J"]
[Black "Skawinski,A"]
[Result "1/2-1/2"]
[WhiteElo "2199"]
[BlackElo "2319"]

1.d4 d5 2.c4 c6 3.Nf3 Nf6 4.Nc3 e6 5.e3 Nbd7 6.Qc2 Bd6 7.Bd3 dxc4 8.Bxc4 b5
9.Be2 Bb7 10.O-O O-O 11.e4 e5 12.Bg5 Re8 13.a3 a6 14.Rad1 Qc7 15.g3 exd4
16.Nxd4 Be5 17.Bf3 c5 18.Nf5 g6 19.Nh6+ Kg7 20.Nd5 Nxd5 21.exd5 Qd6 22.Ng4 f6
23.Bh6+ Kf7 24.Rfe1 Rac8 25.Ne3 Kg8 26.Ng2 Bd4 27.Ne3 Ne5 28.Bg2 Nf7 29.Bf4 Be5
30.Bxe5 Nxe5 31.f4  1/2-1/2

[Event "PanAm Intercollegiate 2013"]
[Site "Lubbock USA"]
[Date "2013.12.29"]
[Round "4.1"]
[White "Le Quang Liem"]
[Black "Zherebukh,Y"]
[Result "1/2-1/2"]
[WhiteElo "2703"]
[BlackElo "2614"]

1.Nf3 d5 2.d4 Nf6 3.c4 c6 4.Nc3 e6 5.e3 Nbd7 6.Qc2 Bd6 7.Be2 O-O 8.O-O dxc4
9.Bxc4 b5 10.Be2 Bb7 11.Rd1 Qb8 12.e4 e5 13.dxe5 Nxe5 14.g3 b4 15.Nxe5 Bxe5
16.Na4 c5 17.Nxc5 Rc8 18.Bf3 Bxe4 19.Bxe4 Nxe4 20.Qxe4 Rxc5 21.Be3 Rc8 22.Rd2 a5
23.Rad1 Bf6 24.Bf4 Qb5 25.b3 Re8 26.Qf3 Rac8 27.Rd5 Qc6 28.Qg4 Rcd8 29.Rxa5 Bd4
30.Rc1 Qb6 31.Bc7 Bxf2+ 32.Kg2 Qe3 33.Bf4 Qd4 34.Rf1 Be3 35.Kh3 Re6 36.Rf5 Bxf4
37.R5xf4 Qa7 38.R1f2 Qa8 39.Qf3 Qxf3 40.R4xf3 Re7 41.Rf4 Rb8 42.Kg2 g6 43.Kf3 h5
44.Rd2 Kg7 45.Rdd4 Ra7 46.Rxb4 Rxb4 47.Rxb4 Rxa2 48.h4 Kf6 49.Rb7 Rb2 50.b4 Ke5
51.Rb5+ Kd4 52.Rb8 Ke5 53.Rb5+ Kd4 54.Rb7 Ke5 55.Rb5+  1/2-1/2

[Event "37th Zurich Christmas 2013"]
[Site "Zurich SUI"]
[Date "2013.12.29"]
[Round "6.6"]
[White "Kovalenko,I"]
[Black "Sethuraman,S"]
[Result "1-0"]
[WhiteElo "2643"]
[BlackElo "2553"]

1.d4 d5 2.c4 e6 3.Nc3 c6 4.e3 Nf6 5.Nf3 a6 6.Qc2 c5 7.cxd5 exd5 8.Be2 Be6
9.O-O Nc6 10.Rd1 cxd4 11.Nxd4 Nxd4 12.Rxd4 Bc5 13.Rd1 Qc7 14.Bf3 O-O 15.Nxd5 Bxd5
16.Bxd5 Nxd5 17.Rxd5 Rac8 18.Qd3 Rfd8 19.g3 Rxd5 20.Qxd5 Rd8 21.Qf3 Qd7 22.b3 Qd1+
23.Qxd1 Rxd1+ 24.Kg2 f6 25.Kf3 Bb4 26.Bb2 Rd2 27.Rb1 Rc2 28.a4 Be1 29.Bxf6 Rxf2+
30.Ke4 Bb4 31.Be5 Rxh2 32.Rc1 Rf2 33.Bf4 Bf8 34.Kf5 b5 35.Rc6 bxa4 36.bxa4 a5
37.Ra6 Bb4 38.Ra8+ Kf7 39.Ra7+ Be7 40.Ke4 Ke6 41.Rxa5 Rb2 42.Ra6+ Kf7 43.Be5 Rb4+
44.Bd4 Bf6 45.a5 Bxd4 46.exd4 Rb3 47.g4 Rg3 48.d5 Rxg4+ 49.Kf5 h5 50.Ra7+ Ke8
51.a6 Ra4 52.d6 h4 53.Rxg7 h3 54.Rh7 h2 55.Ke6 Re4+ 56.Kd5 Re1 57.a7 Rd1+
58.Ke5 Re1+ 59.Kd4 Rd1+ 60.Ke3 Re1+ 61.Kf2 Ra1 62.Rxh2  1-0

[Event "Rilton Cup 2013-14"]
[Site "Stockholm SWE"]
[Date "2013.12.30"]
[Round "4.14"]
[White "Lauber,A"]
[Black "Furhoff,J"]
[Result "1/2-1/2"]
[WhiteElo "2448"]
[BlackElo "2318"]

1.d4 d5 2.c4 c6 3.Nc3 Nf6 4.e3 e6 5.Nf3 Nbd7 6.Bd3 dxc4 7.Bxc4 b5 8.Bd3 Bb7
9.a3 Bd6 10.O-O O-O 11.Ng5 e5 12.Qc2 g6 13.Rd1 Qe7 14.Bd2 a6 15.Nce4 c5 16.Nxd6 Qxd6
17.dxc5 Nxc5 18.Bb4 Qc6 19.Bf1 Rfc8 20.f3 Nd5 21.Rdc1 Nxb4 22.axb4 Na4 23.Qd3 Qf6
24.Ne4 Bxe4 25.Qxe4 Nxb2 26.Bxb5 Rxc1+ 27.Rxc1 Rb8 28.Bf1 Qe7 29.Rc5 a5 30.Rxa5 Rxb4
31.Qxe5 Qxe5 32.Rxe5 Kg7 33.Be2 h5 34.Kf2 Na4 35.Ra5 Nc3 36.Rc5 Nxe2 37.Kxe2 Rb2+
38.Kf1 Rb3 39.Kf2 Rb2+ 40.Kg3 Re2 41.e4 Kf6 42.Rc6+ Kg7 43.h4 Kh7 44.Rc1 Kg7
45.Rf1 Kf6 46.Rf2 Re1 47.Kf4 Kg7 48.Rd2 Kf6 49.g3 Ra1 50.Rd6+ Kg7 51.Rd3 Ra4
52.Ke5 Ra6 53.Rc3 Re6+ 54.Kd5 Ra6 55.Rd3 Rb6 56.Ra3 Re6 57.Kc5 Kf6 58.Rd3 Ke7
59.Ra3 Kf6 60.Ra4 Ke7 61.f4 Kf8 62.e5 Re7 63.Kd6 Re6+ 64.Kd7 Re7+ 65.Kd6 Re6+
66.Kd5 Rb6 67.Ra3 Ke7 68.Kc5 Rb1 69.Rd3 Ra1 70.Kd5 Ra5+ 71.Ke4 Ra4+ 72.Ke3 Kf8
73.f5 gxf5 74.Rd4 Rxd4 75.Kxd4 Ke7 76.Ke3 Ke6 77.Kf4 f6 78.exf6 Kxf6 79.Kf3 Ke5
80.Ke3 Ke6 81.Kf4 Kf6  1/2-1/2

[Event "Rilton Cup 2013-14"]
[Site "Stockholm SWE"]
[Date "2013.12.30"]
[Round "4.31"]
[White "Cederstam-Barsk,Carl"]
[Black "Jogstad,Martin"]
[Result "0-1"]
[WhiteElo "2256"]
[BlackElo "1941"]

1.d4 d5 2.c4 c6 3.Nf3 Nf6 4.Nc3 e6 5.e3 Nbd7 6.Qc2 a6 7.b3 Bb4 8.Bd2 b5 9.c5 Ba5
10.a4 b4 11.Na2 Ne4 12.Bc1 Rb8 13.Bd3 f5 14.O-O Bc7 15.Ne1 O-O 16.f4 Ndf6
17.Bd2 a5 18.Nf3 h6 19.g3 Bd7 20.Kg2 Be8 21.Rh1 Bh5 22.Ng1 g5 23.Nh3 gxf4
24.exf4 Kh8 25.Nc1 Rg8 26.Ba6 Bg4 27.Nf2 Nxf2 28.Kxf2 Ne4+ 29.Kg2 Qh4 30.gxh4 Be2+  0-1

[Event "22nd Donau Open 2013"]
[Site "Aschach AUT"]
[Date "2013.12.31"]
[Round "7.2"]
[White "Krejci,Jan2"]
[Black "Diermair,A"]
[Result "1/2-1/2"]
[WhiteElo "2523"]
[BlackElo "2449"]

1.d4 d5 2.c4 c6 3.Nc3 Nf6 4.e3 e6 5.Nf3 Nbd7 6.Qc2 Bd6 7.Bd3 O-O 8.O-O dxc4
9.Bxc4 b5 10.Bd3 Bb7 11.a3 h6 12.h3 Re8 13.Rd1 Qe7 14.Ne2 e5 15.dxe5 Nxe5
16.Nxe5 Qxe5 17.Ng3 a6 18.f4 Qc5 19.Qf2 Bf8 20.e4 Qxf2+ 21.Kxf2 c5 22.e5 c4
23.Bc2  1/2-1/2

[Event "Cracovia Open A 2013-14"]
[Site "Krakow POL"]
[Date "2013.12.31"]
[Round "6.8"]
[White "Habu,Y"]
[Black "Thompson,I"]
[Result "1-0"]
[WhiteElo "2404"]
[BlackElo "2228"]

1.d4 d5 2.c4 e6 3.Nc3 Nf6 4.Nf3 c6 5.e3 Nbd7 6.Bd3 dxc4 7.Bxc4 b5 8.Bd3 Bd6
9.O-O O-O 10.Qc2 Bb7 11.Rd1 Qb8 12.a3 a5 13.e4 e5 14.dxe5 Nxe5 15.Nxe5 Bxe5
16.g3 Rd8 17.Be3 Ng4 18.Bc5 Bd4 19.Bxd4 Rxd4 20.Be2 Rxd1+ 21.Qxd1 Nf6 22.Qd4 c5
23.Qxc5 b4 24.axb4 axb4 25.Rxa8 Bxa8 26.Nb5 Nxe4 27.Qxb4 Ng5 28.Qd6 Qe8 29.Nc7 Qc8
30.Qe7 Bc6 31.Qxg5 Qxc7 32.Qc5 Qd7 33.b4 h6 34.b5 Bb7 35.Qe3 Qd5 36.f3 g5
37.Kf2 Kf8 38.Qd3 Qc5+ 39.Qe3 Qd5 40.Qc3 Ke7 41.Bc4 Qc5+ 42.Qe3+ Kd6 43.Qxc5+ Kxc5
44.Be2 f6 45.Ke3 Bd5 46.f4 Bf7 47.fxg5 hxg5 48.h4 gxh4 49.gxh4 Bg6 50.Bd3 Bh5
51.Kf4 Kd6 52.Kf5 Ke7 53.b6  1-0

[Event "Cracovia Open A 2013-14"]
[Site "Krakow POL"]
[Date "2014.01.02"]
[Round "7.4"]
[White "Kanarek,M"]
[Black "Habu,Y"]
[Result "1-0"]
[WhiteElo "2473"]
[BlackElo "2404"]

1.d4 d5 2.c4 c6 3.Nc3 Nf6 4.Nf3 e6 5.e3 Nbd7 6.Qc2 Bd6 7.b3 O-O 8.Be2 b6
9.O-O Bb7 10.Bb2 Qe7 11.Rad1 Rad8 12.Rfe1 Rfe8 13.Bf1 c5 14.cxd5 exd5 15.g3 Bb8
16.Bg2 Ne4 17.dxc5 Qxc5 18.Rc1 Qe7 19.Nd4 Qg5 20.Nf3 Qe7 21.Red1 Ndf6 22.Nd4 Be5
23.Qe2 g6 24.Ncb5 Qd7 25.Nxa7 Ra8 26.Nac6 Bxd4 27.Nxd4 Rxa2 28.f3 Ba6 29.Qc2 Nc5
30.Qb1 Rxb2 31.Qxb2 Rxe3 32.Nc2 Re2 33.Qxf6 Nd3 34.Rxd3 Bxd3 35.Nd4 Ra2 36.Nc6 Ba6
37.Nb4 Re2 38.Nxa6 Qe8 39.Qc3  1-0

[Event "19th Bosnjaci Open 2014"]
[Site "Bosnjaci CRO"]
[Date "2014.01.03"]
[Round "1.11"]
[White "Saric,S"]
[Black "Vranjic,M"]
[Result "1-0"]
[WhiteElo "2406"]
[BlackElo "1891"]

1.d4 d5 2.c4 c6 3.Nc3 Nf6 4.e3 e6 5.Nf3 Be7 6.Ne5 O-O 7.Bd3 dxc4 8.Bxc4 b5
9.Bd3 Bb7 10.O-O Nbd7 11.f4 Rc8 12.Qf3 Rc7 13.e4 b4 14.Ne2 c5 15.Be3 Qa8
16.Ng3 cxd4 17.Bxd4 Nc5 18.Bxc5 Bxc5+ 19.Kh1 Bd4 20.Ng4 Nxg4 21.Qxg4 f5 22.Qe2 g6
23.Rae1 Qc8 24.b3 Rd8 25.Bc4 Kg7 26.Rd1 Rc6 27.exf5 exf5 28.Rxd4  1-0